000 010920000a22002170004500
020 _a978-84-7057-535-8
082 0 4 _aG 341.481 H1117d
100 1 _aHaaland Matlary, Jannet
245 1 0 _aLos derechos humanos depredados : hacia una dictadura del relativismo / Janne Haaland Matlary ; traducido por María Jesús García Gonzales
260 _aMadrid : Cristiandad
300 _a261 p.
500 _aTítulo en oríginal : When might becomes human right, essays on democracy and the crisis of rationality.
501 _aRústico
505 0 0 _aDerechos humanos: la "Biblia" política -- cómo se convierte el poder en un derecho humano -- ¿puede restablecerse el derecho natural? -- Cristianismo y democracia europea -- la plítica de los derechos humanos de Juan Pablo II -- Benedicto XVI: la "tiranía del relativismo" y su remedio natural
650 1 4 _aPODER (TEOLOGIA) \ IGLESIA CATOLICA Y DERECHOS CIVILES \ DERECHOS HUMANOS
001 18353
942 _cBK
999 _c44801
_d44801
336 _atexto
_btxt
_2rdacontent
337 _2rdamedia
_asin mediación
_bn
338 _2rdacarrier
_avolumen
_bnc